00474nam a2200205Ia 4500008004100000020001800041050001400059100001800073245002200091245002100113260001500134260001600149260000900165300001500174300002700189300001000216440002700226440000700253500000800260170918s9999 xx 000 0 und d a9780439314312 bC237 2001 aCapecci, Anne aInsect invaders / cby Anne Capecci. aNew York : bScholastic, c2001 a87 pages : bcolored illustration ; c19cm. aThe magic school bus ; v11 a610